<?xml version="1.0" encoding="UTF-8"?>
<record
    xmlns:xsi="http://www.w3.org/2001/XMLSchema-instance"
    xsi:schemaLocation="http://www.loc.gov/MARC21/slim http://www.loc.gov/standards/marcxml/schema/MARC21slim.xsd"
    xmlns="http://www.loc.gov/MARC21/slim">

  <leader>01347cam a2200301Ia 4500</leader>
  <controlfield tag="001">u2262</controlfield>
  <controlfield tag="003">SIRSI</controlfield>
  <controlfield tag="005">20180220094032.0</controlfield>
  <controlfield tag="008">951206s1994    enka     b    101 0 eng d</controlfield>
  <datafield tag="020" ind1=" " ind2=" ">
    <subfield code="a">0412581701</subfield>
  </datafield>
  <datafield tag="039" ind1=" " ind2="9">
    <subfield code="a">200310151058</subfield>
    <subfield code="b">hala</subfield>
    <subfield code="c">200307131200</subfield>
    <subfield code="d">safaa</subfield>
    <subfield code="c">200211091008</subfield>
    <subfield code="d">safaa </subfield>
    <subfield code="y">200203190935</subfield>
    <subfield code="z">load</subfield>
  </datafield>
  <datafield tag="040" ind1=" " ind2=" ">
    <subfield code="a">EAL.</subfield>
  </datafield>
  <datafield tag="050" ind1=" " ind2=" ">
    <subfield code="a">QK751</subfield>
    <subfield code="b">P53 1994</subfield>
  </datafield>
  <datafield tag="245" ind1="0" ind2="0">
    <subfield code="a">Plant responses to the gaseous environment :</subfield>
    <subfield code="b">molecular, metabolic, and physiology aspects /</subfield>
    <subfield code="c">edited by Ruth G. Alscher and Alan R.  Wellburn.</subfield>
  </datafield>
  <datafield tag="250" ind1=" " ind2=" ">
    <subfield code="a">7th ed.</subfield>
  </datafield>
  <datafield tag="260" ind1=" " ind2=" ">
    <subfield code="a">London ;</subfield>
    <subfield code="a">New Yoek :</subfield>
    <subfield code="b">Chapman and Hall,</subfield>
    <subfield code="c">1994.</subfield>
  </datafield>
  <datafield tag="300" ind1=" " ind2=" ">
    <subfield code="a">xvii,395p.:</subfield>
    <subfield code="b">ill.;</subfield>
    <subfield code="c">25cm.</subfield>
  </datafield>
  <datafield tag="500" ind1=" " ind2=" ">
    <subfield code="a">Consists of papers presented at the 3rd International Symposium on Air Pollutants and Plant Metabolism held at Virginia Polytechnical Institutr and State University, Blacksburg, VA, June 1992.</subfield>
  </datafield>
  <datafield tag="504" ind1=" " ind2=" ">
    <subfield code="a">Includes bibliographical refrences and index.</subfield>
  </datafield>
  <datafield tag="596" ind1=" " ind2=" ">
    <subfield code="a">1</subfield>
  </datafield>
  <datafield tag="650" ind1=" " ind2="0">
    <subfield code="a">plants</subfield>
    <subfield code="x">Effect of air pollution on</subfield>
    <subfield code="v">Congresses.</subfield>
  </datafield>
  <datafield tag="650" ind1=" " ind2="0">
    <subfield code="a">Air</subfield>
    <subfield code="x">Pollution</subfield>
    <subfield code="x">Environmental aspects</subfield>
    <subfield code="v">Congresses.</subfield>
  </datafield>
  <datafield tag="650" ind1=" " ind2="0">
    <subfield code="a">Leaves</subfield>
    <subfield code="x">Metabolism</subfield>
    <subfield code="v">Congresses.</subfield>
  </datafield>
  <datafield tag="700" ind1="1" ind2="0">
    <subfield code="a">Alscherr, Ruth G.</subfield>
  </datafield>
  <datafield tag="700" ind1="1" ind2="0">
    <subfield code="a">Wellburn, Alan.</subfield>
  </datafield>
  <datafield tag="711" ind1="2" ind2="0">
    <subfield code="a">International Symposium on Air Pollutants and Plant Methabolism </subfield>
    <subfield code="n">(3rd :</subfield>
    <subfield code="d">1992 :</subfield>
    <subfield code="c">Blacksburg, Va.)</subfield>
  </datafield>
  <datafield tag="942" ind1=" " ind2=" ">
    <subfield code="c">BK</subfield>
    <subfield code="2">lcc</subfield>
  </datafield>
  <datafield tag="952" ind1=" " ind2=" ">
    <subfield code="0">1</subfield>
    <subfield code="1">0</subfield>
    <subfield code="2">lcc</subfield>
    <subfield code="4">0</subfield>
    <subfield code="7">0</subfield>
    <subfield code="a">ENAL</subfield>
    <subfield code="b">ENAL</subfield>
    <subfield code="d">2018-02-20</subfield>
    <subfield code="l">0</subfield>
    <subfield code="o">QK751 P53 1994</subfield>
    <subfield code="p">0004371</subfield>
    <subfield code="r">2025-02-13 00:00:00</subfield>
    <subfield code="t">1</subfield>
    <subfield code="w">2018-02-20</subfield>
    <subfield code="y">BK</subfield>
    <subfield code="k"></subfield>
  </datafield>
  <datafield tag="999" ind1=" " ind2=" ">
    <subfield code="c">28582</subfield>
    <subfield code="d">28582</subfield>
  </datafield>
</record>
